000 00581nam a2200205Ia 4500
005 20250923144429.0
008 008 250917s9999 xx 000 0 eng d
037 _aReference
040 _aDSWL
_beng
_cDSWL
041 _aeng
_2eng
084 _azG, N51.1
_qDSWL
100 _aTendulkar, D.G.
_9824813
245 0 _aMahatma: Life of Mohandas Karamcand Gandhi
_cby D.G. Tendulkar
260 _aBombay
_bVithal Bhai Jhaveri
_c1951
300 _a406 p.
365 _aINR
_b25
925 _g25
942 _cREF
_hzG, N51.1
999 _c1438798
_d1438798